Eredivisie Transfers 20/21 - Statistics

General Stats
  • This quiz has been taken 32 times
    31 since last reset
  • The average score is 10 of 37
Answer Stats
From To Fee Nation Player % Correct
Sao Paulo Ajax 15M Brazil Antony
100%
Bremen Ajax 11M Netherlands Davy Klaassen
91%
Toulouse PSV 9M Ivory Coast Ibrahim Sangare
70%
Nordsjaelland Ajax 9M Ghana Mohammed Kudus
70%
Augsburg PSV 8M Germany Philipp Max
70%
Fortuna Feyenoord 1,2M Netherlands Mark Diemers
43%
Utrecht Ajax 5M Netherlands Sean Klaiber
43%
Dortmund PSV FREE Germany Mario Gotze
35%
Retirement Groningen FREE Netherlands Arjen Robben
26%
Stoke AZ LOAN Netherlands Bruno Martins Indi
26%
Guangzhou RF PSV FREE Israel Eran Zahavi
26%
St Pauli Heerenveen 1,5M Netherlands Henk Veerman
26%
Ajax Twente LOAN Netherlands Kik Pierie
26%
Chelsea PSV LOAN Netherlands Marco van Ginkel
26%
Lazio ADO FREE Netherlands Ricardo Kishna
26%
Leipzig PSV LOAN Switzerland Yvon Mvogo
26%
Chelsea Vitesse LOAN Albania Armando Broja
22%
Basaksehir Utrecht FREE Netherlands Eljero Elia
22%
Everton Ajax FREE Netherlands Maarten Stekelenburg
22%
Vitesse Feyenoord FREE Netherlands Bryan Linssen
17%
Guimaraes Feyenoord 1.6M Portugal Joao Carlos Teixeira
17%
Vitesse RKC FREE Greece Kostas Lamprou
17%
Swansea Heerenveen FREE Netherlands Erwin Mulder
13%
Monaco Feyenoord 2,2M Belgium Francesco Antonucci
13%
ADO Sparta FREE Netherlands Tom Beugelsdijk
13%
Man City Utrechrt LOAN Australia Daniel Arzani
9%
Hannover Fortuna 400k Norway Emil Hansson
9%
Zurich Utrecht FREE Morocco Mimoun Mahi
9%
Hamburger AZ FREE Netherlands Timo Letschert
9%
Benfica Twente LOAN Nigeria Tyronne Ebuehi
9%
Krasnodar Feyenoord LOAN Serbia Uros Spajic
9%
St Pauli Feyenoord 400k Germany Christian Conteh
4%
Genclerbirigi Fortuna FREE Netherlands Mats Seuntjens
4%
CSKA Sofia RKC FREE Netherlands Vurnon Anita
4%
Ajax Sparta ? Netherlands Benjamin van Leer
0%
Feyenoord Willem II FREE Netherlands Jan-Arie van der Heijden
0%
Sheffield Utd ADO FREE England Ravel Morrison
0%
No matching quizzes found
Score Distribution
Percent of People with Each Score
Percentile by Number Answered
Your Score History
You have not taken this quiz since the last reset